Ładuje się......

Savasamskarathinu sesham /

Opis bibliograficzny
1. autor: Christie, Agatha
Kolejni autorzy: Nair, M.S (Tłumacz)
Format: Printed Book
Język:Malayalam
Wydane: Kottayam : DC books, 2014.
Hasła przedmiotowe:
LEADER 00701nam a22001817a 4500
008 160603b xxu||||| |||| 00| 0 mal d
020 |a 9788126452538  |c INR 
082 |a 823.0872 
100 |a Christie, Agatha 
245 |a Savasamskarathinu sesham /  |c Agatha Christie, translated by M.S.Nair 
260 |a Kottayam :  |b DC books,  |c 2014. 
300 |a 296 p. ; 
650 |a After the funeral  |v English detective novel  |x Malayalam translation 
700 |a Nair, M.S.  |e Translator 
942 |c BK 
546 |a In malayalam 
999 |c 285421  |d 285421 
952 |0 0  |1 0  |4 0  |6 823_087200000000000_CHR  |7 0  |9 323887  |a FLK  |b FLK  |c ST1  |d 2016-06-03  |e BK  |g 210.00  |i 5123  |l 1  |m 1  |o 823.0872 CHR/  |p FLK5123  |r 2021-01-27  |s 2020-10-14  |w 2016-06-03  |y BK